| 000 | 00498nam a2200169 i 4500 | ||
|---|---|---|---|
| 001 | 84086 | ||
| 003 | ES-MaACL | ||
| 005 | 20230906174937.0 | ||
| 007 | t| | ||
| 008 | 041119s1965 cu ||||1| spa d | ||
| 100 | 1 |
_aIznaga, Alcides. _965693 |
|
| 245 | 1 | 3 |
_aLa roca y la espuma : _bpoemas / _cAlcides Iznaga. |
| 260 |
_a[La Habana] : _bUniversidad Central de Las Villas, _c1965. |
||
| 300 |
_a294 p. ; _c21 cm. |
||
| 710 | 2 |
_aUniversidad Central de Las Villas. _97082 |
|
| 852 | 4 |
_aES-MaACL _jC-32774 |
|
| 999 |
_c84086 _d84086 |
||